000 01217nkm a2200265 i 4500
001 4119
003 ES-MaACL
005 20250713062927.0
007 khrbo
008 070627s1987 sp --- g |001||spa d
100 0 _aAlfonso,
_d1902-1990
_919858
245 1 4 _aLas espadas toledanas en las artes y en la historia [
_hFotografía] /
_cAlfonso (sello).
260 _a[S.l. :
_bs.n.],
_c1987.
300 _a2 fot. :
_bb. y n. ;
_c12 x 18 cm.
500 _aDatos basados en invitación.
511 0 _aInterviene: Felipe Rodríguez-Bolono González; presenta: Fernando del Arco.
518 _aActo organizado por la Sección de Ciencias Históricas del Ateneo de Madrid, celebrado en la sala de conferencias el viernes, 16 de octubre de 1987, a las 19:30 h.
600 0 4 _aRodríguez-Bolonio González, Felipe.
_998382
600 1 4 _aArco y García, Fernando del,
_d1923-2020
_922508
610 2 4 _aAteneo de Madrid-
_xActos culturales-
_y1987-
_vFotografías.
_91902
710 2 _aAteneo de Madrid.
_bSección de Ciencias Históricas
_91981
852 _aES-MaACL
_jFOT 184/1987
856 4 _uhttp://www.ateneodemadrid.net/biblioteca_digital/imagenes/1987/0184-1987.jpg
_zVer imagen
999 _c4119
_d4119